[Event "DVM U20 2007"]
[Site "Kelheim GER"]
[Date "2007.12.27"]
[Round "1"]
[White "Lindenberg, Georg"]
[Black "Geshnizjani, Ramin Tobias"]
[Result "1-0"]
[Termination "normal"]
[Board "5.2"]
[WhiteElo "2135"]
[BlackElo "2062"]
[WhiteTeam "SGem Pang/Rosenheim"]
[BlackTeam "Heilbronner SV"]
[PlyCount "65"]
[WhiteFideId "24612170"]
[BlackFideId "24633089"]
[EventCountry "GER"]
[EventRounds "7"]
[EventType "team-swiss"]
[EventDate "2007.12.26"]

1. e4 c6 2. d4 d5 3. e5 Bf5 4. Nf3 e6 5. Be2 Be7 6. O-O h5 7. Be3 Nd7 8. Nbd2
Nh6 9. c4 Nb6 10. c5 Nd7 11. b4 f6 12. Bf4 Nf7 13. Nb3 g5 14. exf6 Bxf6 15. Be3
g4 16. Ne1 Qc7 17. f4 gxf3 18. Nxf3 Ke7 19. Qd2 Rag8 20. Bf4 e5 21. dxe5 Nfxe5
22. Rae1 Be4 23. Bd3 Bxf3 24. Rxf3 Kd8 25. Rfe3 Rg4 26. g3 Rhg8 27. Kh1 Bg5 28.
Bxg5+ R4xg5 29. Nd4 Nf8 30. Qe2 Neg6 31. Re8+ Kd7 32. Qe7+ Nxe7 33. R1xe7# 1-0

[Event "DVM U20 2007"]
[Site "Kelheim GER"]
[Date "2007.12.27"]
[Round "1"]
[White "Seiler, Sascha"]
[Black "Berchtenbreiter, Maximilian"]
[Result "1-0"]
[Termination "normal"]
[Board "5.3"]
[WhiteElo "2035"]
[BlackElo "2030"]
[WhiteTeam "Heilbronner SV"]
[BlackTeam "SGem Pang/Rosenheim"]
[PlyCount "97"]
[WhiteFideId "24630594"]
[BlackFideId "24641120"]
[EventCountry "GER"]
[EventRounds "7"]
[EventType "team-swiss"]
[EventDate "2007.12.26"]

1. Nf3 c5 2. e3 Nf6 3. c4 b6 4. Nc3 Bb7 5. d4 e6 6. d5 d6 7. e4 Nbd7 8. Bd3 e5
9. Be3 a6 10. h3 g6 11. Qc2 Bg7 12. g3 Qe7 13. a3 O-O 14. O-O Bc8 15. Rab1 Nh5
16. Kg2 Nb8 17. b4 cxb4 18. Rxb4 b5 19. cxb5 axb5 20. Nxb5 Na6 21. Rc4 Qd7 22.
g4 Nf6 23. Nc7 Rb8 24. Rc6 Nxc7 25. Rxc7 Qd8 26. Rc1 Bd7 27. a4 h5 28. g5 Ne8
29. Ra7 f5 30. a5 f4 31. Bb6 Rxb6 32. axb6 Bg4 33. hxg4 hxg4 34. Ng1 f3+ 35.
Kf1 Qxb6 36. Ra6 Qd8 37. Qd2 Rf4 38. Qe3 Kh7 39. Ra7 Qxg5 40. Rc8 Nf6 41. Rxg7+
Kxg7 42. Qa7+ Nd7 43. Qxd7+ Rf7 44. Qd8 Qh5 45. Qg8+ Kf6 46. Rf8 Rxf8 47. Qxf8+
Kg5 48. Qxd6 Qh2 49. Qd8+ 1-0

[Event "DVM U20 2007"]
[Site "Kelheim GER"]
[Date "2007.12.27"]
[Round "1"]
[White "Baldauf, Manuel"]
[Black "Weissbeck, Simon"]
[Result "0-1"]
[Termination "normal"]
[Board "5.4"]
[WhiteElo "1789"]
[BlackElo "1794"]
[WhiteTeam "SGem Pang/Rosenheim"]
[BlackTeam "Heilbronner SV"]
[PlyCount "121"]
[WhiteFideId "4648528"]
[BlackFideId "24646865"]
[EventCountry "GER"]
[EventRounds "7"]
[EventType "team-swiss"]
[EventDate "2007.12.26"]

1. e4 e6 2. d4 d5 3. Nc3 Nf6 4. e5 Nfd7 5. f4 c5 6. Nf3 Nc6 7. Be3 a6 8. Qd2 b5
9. a3 Bb7 10. Be2 cxd4 11. Nxd4 Bc5 12. Nxc6 Bxc6 13. Bxc5 Nxc5 14. Bf3 Qb6 15.
Qd4 Na4 16. Qxb6 Nxb6 17. b3 Ke7 18. Ne2 Rac8 19. Nd4 Ba8 20. Kd2 Nd7 21. Rhe1
Nb8 22. f5 Nc6 23. Nxc6+ Rxc6 24. fxe6 fxe6 25. Rac1 Rf8 26. Kd3 Rc7 27. Rf1
Bc6 28. Bg4 Rxf1 29. Rxf1 b4 30. a4 Be8 31. Rf2 Bg6+ 32. Kd4 Bxc2 33. Rf3 Be4
34. Rg3 Rc2 35. h4 a5 36. Bh3 g6 37. h5 Kf7 38. hxg6+ hxg6 39. Bg4 Bf5 40. Bh3
Bxh3 41. gxh3 Kg7 42. Rf3 Re2 43. Rf4 g5 44. Rg4 Kg6 45. Kc5 Re4 46. Rg3 Rxe5
47. Rd3 d4+ 48. Kd6 Re3 49. Rxd4 Rxb3 50. Kxe6 Rxh3 51. Rd5 Re3+ 52. Kd6 g4 53.
Rxa5 Ra3 54. Ra8 Kf5 55. Kd5 b3 56. Rb8 g3 57. Rf8+ Kg4 58. Rg8+ Kf3 59. Rf8+
Ke2 60. Kd4 b2 61. Re8+ 0-1

[Event "DVM U20 2007"]
[Site "Kelheim GER"]
[Date "2007.12.27"]
[Round "1"]
[White "Anker, Christin"]
[Black "Huynh, Nhi Lang"]
[Result "0-1"]
[Termination "normal"]
[Board "5.6"]
[WhiteElo "1750"]
[BlackElo "1547"]
[WhiteTeam "SGem Pang/Rosenheim"]
[BlackTeam "Heilbronner SV"]
[PlyCount "61"]
[WhiteFideId "1615688"]
[BlackFideId "24669180"]
[EventCountry "GER"]
[EventRounds "7"]
[EventType "team-swiss"]
[EventDate "2007.12.26"]

1. e4 c5 2. Nf3 Nc6 3. d4 cxd4 4. Nxd4 d6 5. Nc3 Nf6 6. Bc4 Bd7 7. Bb3 g6 8. f3
Bg7 9. Be3 Rc8 10. Qd2 a6 11. O-O-O h5 12. Kb1 Na5 13. h3 h4 14. Qf2 Rh5 15.
Nde2 Nc4 16. Bxc4 Rxc4 17. Nf4 Rh8 18. Bb6 Qc8 19. Qd2 Qc6 20. Be3 Rb4 21. a3
Nxe4 22. Nxe4 Rxb2+ 23. Kc1 Qa4 24. Bc5 Ra2 25. Qd3 Bb5 26. Qb3 Ra1+ 27. Kd2
Rxd1+ 28. Rxd1 dxc5 29. Nd5 Qd4+ 30. Kc1 Bh6+ 31. Kb1 0-1

[Event "DVM U20 2007"]
[Site "Kelheim GER"]
[Date "2007.12.27"]
[Round "1"]
[White "Aulich, Marcell"]
[Black "Ohme, Melanie"]
[Result "1-0"]
[Termination "normal"]
[Board "6.1"]
[BlackTitle "WFM"]
[WhiteElo "1996"]
[BlackElo "2274"]
[WhiteTeam "SF Brackel"]
[BlackTeam "SC Leipzig-Gohlis"]
[PlyCount "69"]
[WhiteFideId "24631981"]
[BlackFideId "4690745"]
[EventCountry "GER"]
[EventRounds "7"]
[EventType "team-swiss"]
[EventDate "2007.12.26"]

1. e4 c5 2. Nf3 e6 3. c3 Nf6 4. e5 Nd5 5. d4 cxd4 6. cxd4 Nc6 7. Bc4 d6 8. O-O
Nb6 9. Bd3 Nb4 10. Be2 dxe5 11. Nxe5 Bd6 12. Nc3 O-O 13. a3 N4d5 14. Bd3 f5 15.
Qe2 Qh4 16. f4 Rf6 17. Rf3 Rh6 18. g3 Qe7 19. Bd2 Nxc3 20. Bxc3 Nd5 21. Bd2 b6
22. Rc1 Bb7 23. Rff1 Nf6 24. Rfe1 Qf8 25. Bb5 Ne4 26. Bc6 Qe7 27. Be3 Rd8 28.
Bxe4 Bxe4 29. Nc6 Bxc6 30. Rxc6 Rg6 31. Qf3 Qf7 32. Rec1 Bb8 33. Rc8 Qd7 34.
Rxd8+ Qxd8 35. Qb7 1-0

[Event "DVM U20 2007"]
[Site "Kelheim GER"]
[Date "2007.12.27"]
[Round "1"]
[White "Hentze, Markus"]
[Black "Zemella, Christian"]
[Result "0-1"]
[Termination "normal"]
[Board "6.2"]
[WhiteElo "1932"]
[BlackElo "2092"]
[WhiteTeam "SC Leipzig-Gohlis"]
[BlackTeam "SF Brackel"]
[PlyCount "74"]
[WhiteFideId "4670922"]
[BlackFideId "24620580"]
[EventCountry "GER"]
[EventRounds "7"]
[EventType "team-swiss"]
[EventDate "2007.12.26"]

1. e4 c5 2. Nf3 d6 3. Bb5+ Bd7 4. Bxd7+ Qxd7 5. c4 Nf6 6. d3 e6 7. O-O Nc6 8.
Nc3 Be7 9. b3 O-O 10. Bb2 d5 11. Re1 d4 12. Ne2 Nh5 13. Bc1 f5 14. Nf4 Nxf4 15.
Bxf4 e5 16. Bd2 f4 17. h3 h5 18. Nh2 Qe8 19. Kh1 g5 20. Rg1 Qg6 21. g4 fxg3 22.
fxg3 Rf2 23. Be1 Rf7 24. Qe2 Raf8 25. Rf1 Rxf1+ 26. Nxf1 Nd8 27. Kg2 Ne6 28.
Bd2 Nf4+ 29. gxf4 exf4 30. Kh1 g4 31. Nh2 f3 32. Qf1 Bd6 33. Be1 Bxh2 34. Kxh2
f2 35. Bd2 Rf3 36. Kg2 Qd6 37. Qh1 f1=Q+ 0-1

[Event "DVM U20 2007"]
[Site "Kelheim GER"]
[Date "2007.12.27"]
[Round "1"]
[White "Hänse, Felix"]
[Black "Luft, Dennis"]
[Result "1-0"]
[Termination "normal"]
[Board "6.4"]
[WhiteElo "1727"]
[BlackElo "1943"]
[WhiteTeam "SC Leipzig-Gohlis"]
[BlackTeam "SF Brackel"]
[PlyCount "89"]
[BlackFideId "24623717"]
[EventCountry "GER"]
[EventRounds "7"]
[EventType "team-swiss"]
[EventDate "2007.12.26"]

1. Nf3 Nf6 2. g3 g6 3. Bg2 Bg7 4. d3 d5 5. Nc3 c5 6. O-O O-O 7. Nd2 Nc6 8. e4
d4 9. Nb5 e5 10. h3 Be6 11. f4 Nh5 12. f5 Bc8 13. g4 Nf4 14. Nf3 g5 15. h4 h6
16. Bxf4 exf4 17. hxg5 hxg5 18. Na3 a6 19. e5 Nxe5 20. Nxe5 Bxe5 21. Nc4 Bc7
22. Nd2 Rb8 23. Ne4 b6 24. Qf3 f6 25. Kf2 Kg7 26. Rh1 Bb7 27. Rac1 Qd7 28. Qh3
Rh8 29. Qh7+ Rxh7 30. Rxh7+ Kxh7 31. Nxf6+ Kh8 32. Nxd7 Rd8 33. Rh1+ Kg7 34.
f6+ Kg6 35. f7 Bxg2 36. f8=Q Rxf8 37. Nxf8+ Kg7 38. Rh7+ Kxf8 39. Kxg2 Bd8 40.
Ra7 a5 41. Rb7 Ke8 42. Kf3 Kf8 43. Ke4 Ke8 44. a4 Kf8 45. Kf5 1-0

[Event "DVM U20 2007"]
[Site "Kelheim GER"]
[Date "2007.12.27"]
[Round "1"]
[White "Heyden, Jonas"]
[Black "Sandring, Franz"]
[Result "1-0"]
[Termination "normal"]
[Board "6.5"]
[WhiteElo "2125"]
[BlackElo "1543"]
[WhiteTeam "SF Brackel"]
[BlackTeam "SC Leipzig-Gohlis"]
[PlyCount "137"]
[WhiteFideId "24638510"]
[BlackFideId "24659525"]
[EventCountry "GER"]
[EventRounds "7"]
[EventType "team-swiss"]
[EventDate "2007.12.26"]

1. e4 c5 2. c4 e6 3. Ne2 b6 4. d4 cxd4 5. Nxd4 Bb7 6. Nc3 d6 7. f3 Nf6 8. Bg5
Nc6 9. Be2 a6 10. O-O Be7 11. Kh1 Rc8 12. Qd2 O-O 13. Rfd1 Rc7 14. Rac1 Qa8 15.
Na4 Qa7 16. Qe3 Ne5 17. Nb3 Ned7 18. Bf4 e5 19. Bg3 Nh5 20. Bf2 Nc5 21. Nc3 Nf4
22. Qd2 f5 23. exf5 Rxf5 24. Be3 Qa8 25. Bxf4 Rxf4 26. Nd5 Bxd5 27. Qxd5+ Qxd5
28. Rxd5 g6 29. Nd2 Ne6 30. Nb3 Nc5 31. g3 Rf7 32. Kg2 Rd7 33. Nxc5 bxc5 34.
Rc3 Rb7 35. Rd2 Bf8 36. Bd3 Bh6 37. Re2 Rb6 38. Be4 Rf8 39. b3 a5 40. Bc2 Bg7
41. Rd3 Bh6 42. Re1 Rf6 43. h4 Rb8 44. g4 Bf4 45. Rd5 Rb6 46. Be4 Rf8 47. Red1
Rd8 48. Rxc5 a4 49. Bc2 Be3 50. Rxe5 axb3 51. Bxb3 dxe5 52. Rxd8+ Kg7 53. Rd7+
Kf8 54. Kf1 h6 55. Ke2 Bf4 56. Kd3 Ke8 57. Rd5 Ke7 58. c5 Rc6 59. Bc4 Rc8 60.
a4 Ra8 61. Bb5 g5 62. h5 Ke6 63. Rd6+ Ke7 64. Rxh6 Rd8+ 65. Rd6 e4+ 66. Kxe4
Bxd6 67. cxd6+ Kxd6 68. Kf5 Rg8 69. Bc4 1-0

[Event "DVM U20 2007"]
[Site "Kelheim GER"]
[Date "2007.12.27"]
[Round "1"]
[White "Bohne, Alexander"]
[Black "Schroelkamp, Carsten"]
[Result "1-0"]
[Termination "normal"]
[Board "6.6"]
[WhiteElo "1394"]
[BlackElo "1728"]
[WhiteTeam "SC Leipzig-Gohlis"]
[BlackTeam "SF Brackel"]
[PlyCount "143"]
[WhiteFideId "24659533"]
[BlackFideId "24659401"]
[EventCountry "GER"]
[EventRounds "7"]
[EventType "team-swiss"]
[EventDate "2007.12.26"]

1. d4 d5 2. c4 c6 3. Nf3 Nf6 4. Nc3 Bf5 5. Bf4 Nbd7 6. cxd5 Nxd5 7. Nxd5 cxd5
8. Qb3 Qb6 9. Qxb6 Nxb6 10. e3 Rc8 11. Bb5+ Nd7 12. O-O Kd8 13. Rac1 Nb6 14.
Rxc8+ Nxc8 15. Rc1 Nd6 16. Ng5 Bg6 17. Bxd6 exd6 18. Ba4 Be7 19. Nh3 Be4 20. f3
Bf5 21. Nf4 Bg5 22. Nxd5 Be6 23. f4 Bxd5 24. fxg5 Rf8 25. a3 a6 26. Bc2 Re8 27.
Kf2 Kd7 28. Bf5+ Be6 29. Be4 d5 30. Bf3 Kd6 31. Rc5 b6 32. Rc3 Bf5 33. b4 Re6
34. Be2 b5 35. Rc8 Rxe3 36. Rd8+ Ke7 37. Kxe3 Kxd8 38. Bf3 Be6 39. Kf4 f6 40.
Bd1 Ke7 41. Bc2 h6 42. gxh6 gxh6 43. Bg6 Kf8 44. h4 Kg7 45. Bf5 Kf7 46. g4 Ke7
47. Bg6 Bd7 48. g5 hxg5+ 49. hxg5 fxg5+ 50. Kxg5 Be6 51. Bh7 Bh3 52. Kf4 Kd6
53. Bf5 Bg2 54. Bc8 Kc6 55. Ke5 Bf3 56. Bf5 Bg2 57. Ke6 Bf3 58. Ke7 Kc7 59. Bd7
Be4 60. Be8 Bg2 61. Ke6 Bf3 62. a4 bxa4 63. Bxa4 Be4 64. Bd1 Kc6 65. Be2 Kb6
66. Kd6 a5 67. bxa5+ Kxa5 68. Kc5 Ka4 69. Ba6 Ka5 70. Bb7 Bf3 71. Bxd5 Bxd5 72.
Kxd5 1-0

[Event "DVM U20 2007"]
[Site "Kelheim GER"]
[Date "2007.12.27"]
[Round "1"]
[White "Lange, Jan-David"]
[Black "Krug, Kevin"]
[Result "1-0"]
[Termination "normal"]
[Board "7.1"]
[WhiteElo "2116"]
[BlackElo "2177"]
[WhiteTeam "SC Tamm"]
[BlackTeam "SF Köln-Mülheim"]
[PlyCount "45"]
[WhiteFideId "24614963"]
[BlackFideId "24609110"]
[EventCountry "GER"]
[EventRounds "7"]
[EventType "team-swiss"]
[EventDate "2007.12.26"]

1. e4 c6 2. d4 d5 3. Nc3 dxe4 4. Nxe4 Nd7 5. Nf3 Ngf6 6. Ng3 e6 7. Bd3 Bd6 8.
O-O Qc7 9. Qe2 O-O 10. Re1 b6 11. Ne5 c5 12. Bg5 Bb7 13. Nh5 Nxh5 14. Qxh5 g6
15. Qh6 Rfe8 16. Nxf7 Bf8 17. Qh4 cxd4 18. Nh6+ Bxh6 19. Qxh6 Nc5 20. Bf1 Ne4
21. Rad1 Qxc2 22. Rxe4 Qxd1 23. Rh4 1-0

[Event "DVM U20 2007"]
[Site "Kelheim GER"]
[Date "2007.12.27"]
[Round "1"]
[White "Papaioannou, Dimitri"]
[Black "Döring, Andreas"]
[Result "1-0"]
[Termination "normal"]
[Board "7.2"]
[WhiteElo "1998"]
[BlackElo "1830"]
[WhiteTeam "SF Köln-Mülheim"]
[BlackTeam "SC Tamm"]
[PlyCount "81"]
[WhiteFideId "24673170"]
[BlackFideId "24621030"]
[EventCountry "GER"]
[EventRounds "7"]
[EventType "team-swiss"]
[EventDate "2007.12.26"]

1. e4 e6 2. d4 d5 3. Nc3 Bb4 4. Nge2 dxe4 5. a3 Bxc3+ 6. Nxc3 Nc6 7. Bb5 Bd7 8.
Nxe4 Nce7 9. Qe2 a6 10. Bd3 Bc6 11. c3 Nf6 12. f3 h6 13. O-O Ng6 14. Nc5 Nf8
15. Bd2 N8d7 16. Ne4 O-O 17. c4 Nb6 18. Be3 Re8 19. b3 Nc8 20. Rad1 Nd6 21. Ng3
Qe7 22. Qf2 Bd7 23. Rfe1 Qf8 24. Bd2 a5 25. Bc3 Nf5 26. Nxf5 exf5 27. Qb2 b6
28. d5 Nh5 29. b4 Qd6 30. Be5 Qg6 31. Bxc7 axb4 32. axb4 Rec8 33. Be5 f6 34.
Bd6 Qg5 35. Re7 Ra7 36. c5 Rca8 37. Bb1 Nf4 38. Bxf4 Qxf4 39. c6 Bc8 40. Rxa7
Rxa7 41. Qd4 1-0

[Event "DVM U20 2007"]
[Site "Kelheim GER"]
[Date "2007.12.27"]
[Round "1"]
[White "Schäfer, Alexander"]
[Black "Krutwig, Longlong"]
[Result "0-1"]
[Termination "normal"]
[Board "7.3"]
[WhiteElo "1975"]
[BlackElo "2169"]
[WhiteTeam "SC Tamm"]
[BlackTeam "SF Köln-Mülheim"]
[PlyCount "90"]
[WhiteFideId "24615196"]
[BlackFideId "24629979"]
[EventCountry "GER"]
[EventRounds "7"]
[EventType "team-swiss"]
[EventDate "2007.12.26"]

1. e4 e5 2. Nf3 Nc6 3. Bb5 a6 4. Ba4 Nf6 5. O-O Be7 6. Re1 b5 7. Bb3 O-O 8. a4
Bb7 9. c3 d6 10. d4 Qd7 11. Na3 Rfe8 12. Ng5 Nd8 13. d5 c6 14. c4 bxc4 15. Nxc4
Qc7 16. a5 cxd5 17. Nb6 dxe4 18. Nxa8 Bxa8 19. Be3 d5 20. Bb6 Qb7 21. Rc1 Bd6
22. Ba4 Rf8 23. Qc2 h6 24. Nh3 Ne6 25. Bc6 Qe7 26. Bxa8 Rxa8 27. Qc6 Rf8 28. f3
Nd4 29. Bxd4 exd4 30. fxe4 dxe4 31. Nf2 e3 32. Nd3 Bxh2+ 33. Kxh2 Ng4+ 34. Kg1
Qh4 35. Qf3 f5 36. Qh3 Qe7 37. Qf3 Qh4 38. Qd5+ Kh8 39. Qd6 Re8 40. Qf4 Kg8 41.
Qd6 Nf2 42. Rxe3 dxe3 43. Qd5+ Kh8 44. g3 Qxg3+ 45. Kf1 Nxd3 0-1

[Event "DVM U20 2007"]
[Site "Kelheim GER"]
[Date "2007.12.27"]
[Round "1"]
[White "Schehl, Michael"]
[Black "Andraschko, Felix"]
[Result "0-1"]
[Termination "normal"]
[Board "7.4"]
[WhiteElo "1830"]
[BlackElo "2013"]
[WhiteTeam "SF Köln-Mülheim"]
[BlackTeam "SC Tamm"]
[PlyCount "86"]
[BlackFideId "24628174"]
[EventCountry "GER"]
[EventRounds "7"]
[EventType "team-swiss"]
[EventDate "2007.12.26"]

1. d4 f5 2. Nf3 Nf6 3. Bf4 d6 4. e3 c6 5. c3 Qa5 6. Bc4 g6 7. b4 Qd8 8. Qb3 d5
9. Bd3 Be6 10. Nbd2 Bg7 11. b5 c5 12. dxc5 Qc8 13. Nd4 Bf7 14. Qb4 Ne4 15. Bxb8
Nxc5 16. Be2 Rxb8 17. b6 a6 18. O-O O-O 19. Rac1 e5 20. N4b3 Ne6 21. c4 d4 22.
exd4 exd4 23. Nf3 Rd8 24. Rfd1 Qc6 25. c5 Qe4 26. Bd3 Qg4 27. h3 Qf4 28. c6
bxc6 29. Rxc6 Ng5 30. Nxg5 Qxg5 31. Bc4 Bxc4 32. Qxc4+ Kh8 33. Nc5 Qe7 34. Nxa6
Rb7 35. Nc5 Rbb8 36. Rc7 Qe5 37. Na6 Rxb6 38. Nb4 Rxb4 39. Qxb4 Qxc7 40. a4 d3
41. a5 d2 42. Qb3 Re8 43. Rxd2 Re1# 0-1

[Event "DVM U20 2007"]
[Site "Kelheim GER"]
[Date "2007.12.27"]
[Round "1"]
[White "Stegmaier, Michael"]
[Black "Butschek, Tanja"]
[Result "1/2-1/2"]
[Termination "normal"]
[Board "7.5"]
[WhiteElo "1799"]
[BlackElo "2043"]
[WhiteTeam "SC Tamm"]
[BlackTeam "SF Köln-Mülheim"]
[PlyCount "150"]
[WhiteFideId "24630659"]
[BlackFideId "24604640"]
[EventCountry "GER"]
[EventRounds "7"]
[EventType "team-swiss"]
[EventDate "2007.12.26"]

1. Nf3 c5 2. c4 Nc6 3. g3 Nf6 4. Nc3 d6 5. Bg2 Bf5 6. O-O Qd7 7. d4 cxd4 8.
Nxd4 Bh3 9. Nxc6 Bxg2 10. Kxg2 Qxc6+ 11. f3 Qxc4 12. Be3 g6 13. Rc1 Bg7 14. Bd4
O-O 15. b3 Qe6 16. Nb5 Qd7 17. Qd3 a6 18. Nc7 Rac8 19. Bb6 e6 20. Rfd1 d5 21.
e4 Rfd8 22. Nxd5 exd5 23. Bxd8 Rxd8 24. Rc2 dxe4 25. Qxd7 exf3+ 26. Kxf3 Nxd7
27. Kf2 Kf8 28. Rc7 Ke8 29. Rxb7 a5 30. Kg2 Bc3 31. Rc7 Bb4 32. Rd5 h5 33. a3
Bxa3 34. Rxa5 Bd6 35. Rc2 Rb8 36. Rd5 Be5 37. Rcd2 Rb7 38. R2d3 f6 39. h4 Nb8
40. Rd8+ Kf7 41. Rh8 Kg7 42. Rc8 Na6 43. Rdd8 Kf7 44. Rf8+ Ke7 45. Rg8 Rxb3 46.
Rg7+ Kd6 47. Rxg6 Nc5 48. Rh8 Ne4 49. Rxh5 Bxg3 50. Ra5 Bxh4 51. Rg4 Rg3+ 52.
Rxg3 Bxg3 53. Kf3 Be1 54. Ra6+ Ke5 55. Ra8 Ng5+ 56. Kg4 Bd2 57. Re8+ Ne6 58.
Re7 f5+ 59. Kf3 f4 60. Kg2 Kf5 61. Rf7+ Kg4 62. Rxf4+ Nxf4+ 63. Kh1 Kg3 64. Kg1
Nh3+ 65. Kh1 Nf2+ 66. Kg1 Be3 67. Kf1 Kf3 68. Kg1 Bd4 69. Kf1 Ng4 70. Ke1 Ke3
71. Kf1 Bc3 72. Kg2 Be1 73. Kh1 Kf3 74. Kg1 Bg3 75. Kh1 Be5 1/2-1/2

[Event "DVM U20 2007"]
[Site "Kelheim GER"]
[Date "2007.12.27"]
[Round "1"]
[White "Schneider, David"]
[Black "Schmitt, Philipp"]
[Result "1-0"]
[Termination "normal"]
[Board "8.1"]
[WhiteElo "2255"]
[BlackElo "2025"]
[WhiteTeam "FSV Großenseebach"]
[BlackTeam "SF Bad Mergentheim"]
[PlyCount "119"]
[WhiteFideId "4697111"]
[BlackFideId "24641766"]
[EventCountry "GER"]
[EventRounds "7"]
[EventType "team-swiss"]
[EventDate "2007.12.26"]

1. e4 e6 2. d4 d5 3. e5 c5 4. c3 Qb6 5. Nf3 Nc6 6. a3 Bd7 7. b4 cxd4 8. cxd4
Rc8 9. Be3 Nge7 10. Bd3 Nf5 11. O-O Be7 12. Bxf5 exf5 13. Qd3 Be6 14. Nc3 O-O
15. Rfc1 Qd8 16. Na4 b6 17. Qd2 Qd7 18. Nb2 Rfe8 19. Nd3 Rc7 20. Nf4 Rec8 21.
Nh5 Bf8 22. Bh6 Qd8 23. Bg5 Be7 24. h4 Bxg5 25. hxg5 Ne7 26. g3 Ng6 27. Kg2
Rxc1 28. Rxc1 Rxc1 29. Qxc1 Qc8 30. Qxc8+ Bxc8 31. Ne1 Ba6 32. Nc2 Bc8 33. Ne3
Be6 34. Kf1 Kf8 35. Ke2 Kg8 36. Kd3 Kf8 37. b5 Ne7 38. Kc3 g6 39. Nf6 Kg7 40.
Ne8+ Kf8 41. Nf6 Kg7 42. Kb4 h6 43. Ne8+ Kh7 44. f4 hxg5 45. fxg5 Kg8 46. Nc7
Kf8 47. a4 Kg8 48. a5 Kf8 49. a6 Kg8 50. Ng2 Kg7 51. Nf4 Kf8 52. Ka4 Kg7 53.
Nfxe6+ fxe6 54. Nxe6+ Kf7 55. Nc7 Nc8 56. Nxd5 Ke6 57. Nf4+ Kf7 58. d5 Ne7 59.
Kb4 Ke8 60. d6 1-0

[Event "DVM U20 2007"]
[Site "Kelheim GER"]
[Date "2007.12.27"]
[Round "1"]
[White "Pfleger, Jochen"]
[Black "Kirch, Daniel"]
[Result "0-1"]
[Termination "normal"]
[Board "8.2"]
[WhiteElo "1888"]
[BlackElo "2030"]
[WhiteTeam "SF Bad Mergentheim"]
[BlackTeam "FSV Großenseebach"]
[PlyCount "58"]
[WhiteFideId "24641634"]
[BlackFideId "24605786"]
[EventCountry "GER"]
[EventRounds "7"]
[EventType "team-swiss"]
[EventDate "2007.12.26"]

1. c4 e5 2. Nc3 Nc6 3. Nf3 d6 4. d4 exd4 5. Nxd4 Ne5 6. e4 Nf6 7. Be2 g6 8. f3
Bg7 9. Be3 O-O 10. O-O Re8 11. a4 a5 12. Ndb5 Bf8 13. Nd5 Nxd5 14. cxd5 c5 15.
dxc6 bxc6 16. f4 cxb5 17. fxe5 Rxe5 18. Bxb5 Bg7 19. Bc6 Rb8 20. Bf4 Qb6+ 21.
Kh1 Qxc6 22. Bxe5 Bxe5 23. Qf3 Be6 24. Rac1 Qd7 25. Rc2 Rxb2 26. Rxb2 Bxb2 27.
e5 Bxe5 28. Qa8+ Kg7 29. Qxa5 Bb3 0-1

[Event "DVM U20 2007"]
[Site "Kelheim GER"]
[Date "2007.12.27"]
[Round "1"]
[White "Süß, Stefan"]
[Black "Piven, Vladimir"]
[Result "0-1"]
[Termination "normal"]
[Board "8.3"]
[WhiteElo "2004"]
[BlackElo "1829"]
[WhiteTeam "FSV Großenseebach"]
[BlackTeam "SF Bad Mergentheim"]
[PlyCount "75"]
[WhiteFideId "24606090"]
[BlackFideId "4670272"]
[EventCountry "GER"]
[EventRounds "7"]
[EventType "team-swiss"]
[EventDate "2007.12.26"]

1. d4 d5 2. Nf3 Nf6 3. Bf4 e6 4. e3 Bd6 5. Bxd6 Qxd6 6. c3 O-O 7. Nbd2 Nbd7 8.
Bd3 e5 9. dxe5 Nxe5 10. Nxe5 Qxe5 11. Nf3 Qd6 12. Qc2 Be6 13. h3 Rad8 14. O-O-O
c5 15. g4 Qc7 16. Ng5 g6 17. Nxe6 fxe6 18. g5 Nd7 19. Bxg6 Ne5 20. Bh5 c4 21.
Bg4 Qb6 22. Rhf1 Rf7 23. Kb1 Rdf8 24. Bh5 Rf5 25. Bg4 Nxg4 26. hxg4 Rxg5 27.
Rh1 Qc7 28. Rh6 Qe7 29. Rdh1 Rf7 30. R6h4 e5 31. Qd2 e4 32. Qd4 b6 33. R1h2 Qe6
34. Qd1 Rfg7 35. Qh1 Rxg4 36. Rxg4 Qxg4 37. Kc2 Qg1 38. Rxh7 0-1

[Event "DVM U20 2007"]
[Site "Kelheim GER"]
[Date "2007.12.27"]
[Round "1"]
[White "Krebs, Alexander"]
[Black "Borel, Markus"]
[Result "0-1"]
[Termination "normal"]
[Board "8.4"]
[WhiteElo "1550"]
[BlackElo "1967"]
[WhiteTeam "SF Bad Mergentheim"]
[BlackTeam "FSV Großenseebach"]
[PlyCount "102"]
[WhiteFideId "24670626"]
[BlackFideId "24605522"]
[EventCountry "GER"]
[EventRounds "7"]
[EventType "team-swiss"]
[EventDate "2007.12.26"]

1. e4 c5 2. f4 d5 3. exd5 Qxd5 4. Nf3 Nc6 5. Nc3 Qd8 6. Bc4 e6 7. O-O Nf6 8. a3
Be7 9. Ne5 Nxe5 10. fxe5 Qd4+ 11. Kh1 Qxe5 12. Bb5+ Bd7 13. d3 Qc7 14. Bf4 Bd6
15. Bxd7+ Qxd7 16. Bxd6 Qxd6 17. Qf3 Qc7 18. Rae1 O-O 19. Ne4 Nxe4 20. Rxe4
Rad8 21. Rg4 f5 22. Rc4 Rd4 23. Qe3 e5 24. b3 b5 25. Rxd4 cxd4 26. Qe2 Qc5 27.
h3 Qd5 28. Re1 Re8 29. Qh5 g6 30. Qg5 Kg7 31. Rf1 h6 32. Qg3 Kh7 33. Re1 Re7
34. Qf3 Qxf3 35. gxf3 Kg7 36. Kg2 Kf6 37. Kg3 g5 38. Re2 a5 39. Re1 h5 40. Rf1
Rc7 41. Rc1 Rc3 42. h4 g4 43. a4 bxa4 44. bxa4 gxf3 45. Rb1 e4 46. Rb6+ Ke5 47.
Rb5+ Ke6 48. dxe4 fxe4 49. Kf4 f2 50. Rb1 e3 51. Kf3 Rxc2 0-1

[Event "DVM U20 2007"]
[Site "Kelheim GER"]
[Date "2007.12.27"]
[Round "1"]
[White "Hofmann, Benjamin"]
[Black "Pfleger, Jürgen"]
[Result "1-0"]
[Termination "normal"]
[Board "8.5"]
[WhiteElo "2012"]
[BlackElo "1787"]
[WhiteTeam "FSV Großenseebach"]
[BlackTeam "SF Bad Mergentheim"]
[PlyCount "97"]
[WhiteFideId "24605743"]
[BlackFideId "24641642"]
[EventCountry "GER"]
[EventRounds "7"]
[EventType "team-swiss"]
[EventDate "2007.12.26"]

1. e4 d5 2. exd5 Qxd5 3. Nc3 Qa5 4. d4 e5 5. d5 Nf6 6. Bc4 Bc5 7. Qe2 O-O 8.
Bd2 Bb4 9. Rb1 c6 10. a3 Bxc3 11. Bxc3 Qb6 12. d6 Bf5 13. Nf3 Nbd7 14. h3 Rfe8
15. b4 Rad8 16. O-O Ne4 17. Ba1 Ng3 18. Qd2 Nxf1 19. Kxf1 a6 20. a4 Qa7 21. Qg5
Bg6 22. Nxe5 Nxe5 23. Bxe5 b5 24. axb5 axb5 25. Bb3 Kh8 26. Bg3 h6 27. Qg4 Re4
28. Qf3 Qd7 29. Qc3 Rde8 30. Qd2 Bf5 31. f3 Re3 32. Bf4 Re2 33. Qxe2 Rxe2 34.
Kxe2 Be6 35. Bxe6 fxe6 36. Be5 Kg8 37. Ra1 Kf7 38. Ra8 g6 39. Rh8 Qe8 40. Rh7+
Kf8 41. Rh8+ Kf7 42. Rxe8 Kxe8 43. Kd3 Kf7 44. Kd4 Ke8 45. g4 h5 46. gxh5 gxh5
47. h4 Kd8 48. Ke4 Kd7 49. Kf4 1-0

[Event "DVM U20 2007"]
[Site "Kelheim GER"]
[Date "2007.12.27"]
[Round "1"]
[White "Foß, David"]
[Black "Kohlmann, Adrian"]
[Result "0-1"]
[Termination "normal"]
[Board "8.6"]
[WhiteElo "1489"]
[BlackElo "1938"]
[WhiteTeam "SF Bad Mergentheim"]
[BlackTeam "FSV Großenseebach"]
[PlyCount "68"]
[BlackFideId "24636908"]
[EventCountry "GER"]
[EventRounds "7"]
[EventType "team-swiss"]
[EventDate "2007.12.26"]

1. e4 g6 2. d4 Bg7 3. c3 d6 4. f4 d5 5. e5 h5 6. h4 Bf5 7. Bd3 Nh6 8. Na3 e6 9.
g3 Nd7 10. Nc2 a6 11. Ne3 Bxd3 12. Qxd3 c5 13. dxc5 Nxc5 14. Qd4 Rc8 15. Bd2
Qd7 16. b3 Qc6 17. c4 dxc4 18. Nxc4 Nf5 19. Nd6+ Nxd6 20. Rh2 Qe4+ 21. Qe3
Qxe3+ 22. Bxe3 Nf5 23. Bxc5 Rxc5 24. Rg2 Ne3 25. Re2 Nc2+ 26. Rxc2 Rxc2 27. Ne2
O-O 28. a4 Rd8 29. Rc1 Rxc1+ 30. Nxc1 Rf8 31. Ke2 b5 32. axb5 axb5 33. Nd3 Ra8
34. Kd2 b4 0-1